000 00293nam a22001337a 4500
003 SGT
020 _a97811489921796
082 _a611
_bH84G
100 _aGAZZANIGA, MICHAEL
245 _aHANDBOOK OF COGNITIVE NEUROSCIENCE
260 _bHEIMMANN
_c1984
300 _a416
942 _2ddc
_cBK
999 _c16202
_d16202